00393nam a2200145Ia 4500008004100000040001900041041001200060082002200072100002300094245004500117260003000162300001900192650002000211850001600231131103s9999 xx 000 0 und d aLoreto College aEnglish aF/LOCbLCBED/9876 aLockerbie, Jeannie aOn duty in BangladeshcJeannie Lockerbie aMichiganbZondervanc1973 a191p. c 18cm. aEnglish Fiction aLCBED/F/LOC